Cash flow verzus výsledok hospodárenia bakalárska práca

Gespeichert in:
Bibliographische Detailangaben
1. Verfasser: Hanšutová, Anna
Körperschaft: Fakulta podnikového manažmentu EU. Katedra podnikových financií
Weitere Verfasser: Markovič, Peter, 1974-
Format: Buch
Sprache:Slowakisch
Veröffentlicht: Bratislava 2014
Tags: Tag hinzufügen
Keine Tags, Fügen Sie das erste Tag hinzu!

MARC

LEADER 00000nbm a2200000 4500
001 0189523
005 20170201091046.0
041 0 |a slo 
044 |a SK 
245 1 0 |a Cash flow verzus výsledok hospodárenia  |b bakalárska práca  |c Anna Hanšutová ; školiteľ: Peter Markovič 
264 1 |a Bratislava  |c 2014 
300 |a 56 s. 
100 1 |a Hanšutová, Anna 
700 1 |a Markovič, Peter, 1974- 
710 2 |a Fakulta podnikového manažmentu EU. Katedra podnikových financií